[Event "TCh-CZE Extraliga 2011-12"]
[Site "Czech Republic CZE"]
[Date "2012.04.22"]
[Round "11.3"]
[White "Rasik,V"]
[Black "Stocek,J"]
[Result "1/2-1/2"]
[WhiteElo "2473"]
[BlackElo "2600"]

1.e4 c5 2.Nf3 Nc6 3.Bb5 d6 4.O-O Bd7 5.c3 Nf6 6.Re1 a6 7.Ba4 b5 8.Bc2 Bg4
9.d3 e6 10.Be3 Be7 11.Nbd2 d5 12.d4 cxd4 13.cxd4 dxe4 14.Nxe4 O-O 15.Nxf6+ Bxf6
16.Bxh7+ Kxh7 17.Qc2+ Kg8 18.Qxc6 Rc8 19.Qe4 Bf5 20.Qf4 Rc2 21.b4 Qd5 22.a3 Be4
23.Qg3 Bxf3 24.Qxf3 Qxf3 25.gxf3 Rd8 26.Red1 Kf8 27.Kg2 Ke7 28.a4 Rc4 29.axb5 axb5
30.Ra7+ Ke8 31.Rb7 Rxb4 32.Rc1 Rc4 33.Rxb5 Rxc1 34.Bxc1 Bxd4 35.Ba3 f6 36.Rb7 Rd7
37.Rxd7 Kxd7 38.f4 Kc6 39.Kf3 f5 40.Bb4 Kd5 41.h3 Kc4 42.Ba5 Kd3 43.Bb4 Bf6  1/2-1/2

[Event "Russian Juniors 2012"]
[Site "Sochi RUS"]
[Date "2012.04.23"]
[Round "6"]
[White "Matinian,N"]
[Black "Belous,V"]
[Result "1/2-1/2"]
[WhiteElo "2426"]
[BlackElo "2524"]

1.e4 c5 2.Nf3 Nc6 3.Bb5 d6 4.O-O Bd7 5.c3 Nf6 6.Re1 a6 7.Ba4 b5 8.Bc2 Bg4
9.a4 Rb8 10.axb5 axb5 11.d4 cxd4 12.cxd4 e5 13.Be3 exd4 14.Bxd4 Be7 15.Be3 O-O
16.h3 Bxf3 17.Qxf3 Nb4 18.Na3 Qc8 19.Rac1 Na2 20.Ra1 b4 21.Rxa2 b3 22.Bxb3 Rxb3
23.Raa1 Rxb2 24.Rab1 Qc3 25.Bg5 Qb4 26.Rxb2 Qxe1+ 27.Kh2 d5 28.Re2 Bd6+ 29.g3 dxe4
30.Rxe1 exf3 31.Nc4 Bc5 32.Bxf6 gxf6 33.g4 Bxf2 34.Rf1 Bd4 35.Rxf3 Rc8 36.Na3 Rc1
37.Kg2 Kg7 38.Rf1 Rc5 39.Rf4 Be5 40.Re4 f5 41.gxf5 Kf6 42.Nc4 Kxf5 43.Kf3 f6
44.Rh4 Rc7 45.Nxe5 Kxe5 46.Re4+ Kf5 47.Rf4+ Kg6 48.Rg4+ Kh5 49.Rf4 Rc3+ 50.Kg2 Rc6
51.Kg3 h6 52.Rh4+ Kg6 53.Rg4+ Kf7 54.Rh4 f5 55.Ra4 Kg6 56.Kf4 Rb6 57.Rc4 Rd6
58.Ra4 Rb6 59.Rc4  1/2-1/2

[Event "Spartak IM 2012"]
[Site "Subotica SRB"]
[Date "2012.04.23"]
[Round "5.5"]
[White "Cabarkapa,N"]
[Black "Djokic,Nen"]
[Result "1-0"]
[WhiteElo "2314"]
[BlackElo "2393"]

1.e4 c5 2.Nf3 Nc6 3.Bb5 e6 4.O-O Nge7 5.Re1 Ng6 6.c3 Be7 7.d4 cxd4 8.cxd4 O-O
9.d5 Nce5 10.Nxe5 Nxe5 11.d6 Bg5 12.Bxg5 Qxg5 13.Be2 b6 14.Qd2 Qxd2 15.Nxd2 Bb7
16.f4 Ng6 17.g3 Rac8 18.Rac1 f6 19.Bb5 Rxc1 20.Rxc1 Rc8 21.Rc7 Rxc7 22.dxc7 d5
23.Bd7 Ne7 24.Bxe6+ Kf8 25.exd5 Nc8 26.Ne4 Ke7 27.f5  1-0

[Event "Spartak IM 2012"]
[Site "Subotica SRB"]
[Date "2012.04.23"]
[Round "6.1"]
[White "Nadj Hedjesi,B"]
[Black "Djokic,Nen"]
[Result "1/2-1/2"]
[WhiteElo "2386"]
[BlackElo "2393"]

1.e4 c5 2.Nf3 Nc6 3.Bb5 d6 4.Bxc6+ bxc6 5.c4 d5 6.e5 dxc4 7.b3 cxb3 8.axb3 Nh6
9.Nc3 Nf5 10.O-O h5 11.d3 h4 12.h3  1/2-1/2

[Event "ch-SRB 2012"]
[Site "Vrnjacka Banja SRB"]
[Date "2012.04.24"]
[Round "2"]
[White "Popovic,Du"]
[Black "Bogosavljevic,B"]
[Result "1/2-1/2"]
[WhiteElo "2561"]
[BlackElo "2523"]

1.e4 c5 2.Nf3 Nc6 3.Bb5 g6 4.O-O Bg7 5.Re1 Nf6 6.e5 Nd5 7.Nc3 Nc7 8.Bxc6 dxc6
9.Ne4 b6 10.Nf6+ Kf8 11.Ne4 Bg4 12.d3 Bxe5 13.Nxe5 Bxd1 14.Bh6+ Kg8 15.Nxc6 Bxc2
16.Nc3 e6 17.Nxd8 Rxd8 18.Rac1 Bxd3 19.Bg5 Kg7 20.Bxd8 Rxd8 21.Red1 f5 22.f4 Rd4
23.Ne2 Rd5 24.Nc3 Rd4 25.Ne2  1/2-1/2

[Event "3rd LUC Open"]
[Site "Lille FRA"]
[Date "2012.04.25"]
[Round "3.15"]
[White "Feryn,A"]
[Black "Zhigalko,A"]
[Result "0-1"]
[WhiteElo "2088"]
[BlackElo "2590"]

1.e4 c5 2.Nf3 Nc6 3.Bb5 Nf6 4.Bxc6 dxc6 5.d3 Bg4 6.O-O Nd7 7.Nbd2 e5 8.b3 Be7
9.Bb2 f6 10.Nc4 Nf8 11.Ne3 Bh5 12.Nf5 Ne6 13.Ng3 Bf7 14.c3 Qc7 15.Qc2 O-O-O
16.Rad1 Rd7 17.Rd2 Rhd8 18.Rfd1 Bf8 19.d4 cxd4 20.cxd4 Bb4 21.Bc3 Bxc3 22.Qxc3 exd4
23.Nxd4 Qe5 24.Nge2 Qxe4 25.f3 Qe5 26.Kf2 Nc7 27.Qe3 c5 28.Nc2 Rxd2 29.Rxd2 Rxd2
30.Qxd2 Qxh2 31.Ng3 Bg6 32.Ne3 Qh4 33.Qd6 Qd4 34.Qf8+ Ne8 35.Nf5 Bxf5 36.Qxe8+ Kc7
37.Qe7+ Bd7 38.Ke2 Kb6 39.Qd8+ Ka6 40.Nc4 b6 41.Qc7 Bf5 42.Nd6 Bd3+ 43.Kd2 Ka5
44.a3 Bc4+ 45.Kc2 Qd3+ 46.Kc1 Qe3+ 47.Kc2 Bd3+ 48.Kc3 Bg6+  0-1

[Event "Historical Melaka Op"]
[Site "Melaka MAS"]
[Date "2012.04.26"]
[Round "6"]
[White "Rathnakaran,K"]
[Black "Czebe,A"]
[Result "0-1"]
[WhiteElo "2410"]
[BlackElo "2477"]

1.e4 c5 2.Nf3 Nc6 3.Bb5 e6 4.O-O Nge7 5.Re1 Nd4 6.Bf1 Nec6 7.c3 Nxf3+ 8.Qxf3 Be7
9.Qg3 O-O 10.d4 Bh4 11.Qe3 cxd4 12.cxd4 d6 13.d5 exd5 14.exd5 Ne5 15.g3 Bf6
16.Nc3 Ng4 17.Qd2 Qb6 18.h3 Ne5 19.Qd1 Bf5 20.Nb5 Bxh3 21.Be3 Qa5 22.Bxh3 Qxb5
23.b3 Rfe8 24.Rc1 Qb4 25.Qe2 Re7 26.Red1 Rae8 27.Kf1 Qe4 28.Bg2 Qf5 29.Rd2 Ng6
30.g4 Qd7 31.Rdc2 Bg5 32.Rc7 Qd8 33.Rxe7 Qxe7 34.Rc4 Bxe3 35.Re4 Qd7 36.Qxe3 Rxe4
37.Qxe4 Ne5 38.g5 Qg4 39.Qxg4 Nxg4 40.Bh3 Ne5  0-1

[Event "ch-SRB 2012"]
[Site "Vrnjacka Banja SRB"]
[Date "2012.04.26"]
[Round "4"]
[White "Popovic,Du"]
[Black "Ivanisevic,I"]
[Result "0-1"]
[WhiteElo "2561"]
[BlackElo "2645"]

1.e4 c5 2.Nf3 Nc6 3.Bb5 d6 4.O-O Bd7 5.Re1 Nf6 6.h3 e6 7.c3 Be7 8.Bf1 O-O
9.d4 d5 10.exd5 exd5 11.dxc5 Bxc5 12.Be3 Bd6 13.Nbd2 Re8 14.Bd3 h6 15.Nb3 Bc7
16.Nc5 Bc8 17.Bb5 a6 18.Bf1 Bb6 19.Qc1 Ne4 20.Nxe4 dxe4 21.Bxb6 Qxb6 22.Nd2 f5
23.Nc4 Qc7 24.a4 Be6 25.Qe3 Ne7 26.Qb6 Qxb6 27.Nxb6 Rad8 28.Rad1 Nc6 29.Bc4 Kf7
30.Rxd8 Rxd8 31.Bxe6+ Kxe6 32.f3 Rd3 33.fxe4 f4 34.e5 g5 35.Kf1 h5 36.Nc4 Rd5
37.Nd6 Nxe5 38.Nxb7 Kf5 39.b4 Nc4 40.b5 axb5 41.a5 g4 42.hxg4+ hxg4 43.a6 Rd2
44.Re8 Ra2 45.Rf8+ Kg5 46.Nc5 Ne3+ 47.Ke1 Nxg2+ 48.Kd1 g3 49.Kc1 Kg4 50.Kb1 Ra5
51.Kb2 Ne3 52.Kb3 g2 53.Kb4 Ra1 54.Kxb5 Kf3  0-1

[Event "3rd LUC Open"]
[Site "Lille FRA"]
[Date "2012.04.27"]
[Round "6.15"]
[White "Manet,E"]
[Black "Dubessay,B"]
[Result "0-1"]
[WhiteElo "1938"]
[BlackElo "2372"]

1.e4 c5 2.Nf3 Nc6 3.Bb5 Nd4 4.Nxd4 cxd4 5.Bc4 e6 6.O-O Qc7 7.d3 Ne7 8.c3 Nc6
9.cxd4 Nxd4 10.Nc3 Bd6 11.f4 Bc5 12.Kh1 a6 13.a4 O-O 14.f5 d5 15.Ba2 exf5
16.Nxd5 Qd8 17.b4 Ba7 18.Qh5 Be6 19.Rf4 g5 20.Rf1 f4 21.Qh6 f6 22.h4 Kh8
23.Bb2 Bxd5 24.Bxd5 Qe7 25.hxg5 fxg5 26.Rf3 Rac8 27.Rf2 Rcd8 28.Rc2 Rd6 29.Qh3 Qg7
30.Be6 Rxe6 31.Qxe6 Nxe6 32.Bxg7+ Kxg7 33.Kh2 Rf6 34.Kh3 Rh6+ 35.Kg4 Rh4+
36.Kf5 Nd4+  0-1

[Event "TCh-AUT 2 Mitte 2011-12"]
[Site "Fuerstenfeld AUT"]
[Date "2012.04.28"]
[Round "10"]
[White "Wiesinger,R"]
[Black "Horvath,Ga1"]
[Result "1/2-1/2"]
[WhiteElo "2277"]
[BlackElo "2269"]

1.e4 c5 2.Nf3 Nc6 3.Bb5 e6 4.Bxc6 bxc6 5.d3 Ne7 6.Qe2 Ng6 7.h4 h5 8.e5 f6
9.Qe4 Ne7 10.Bf4 fxe5 11.Bxe5 d6 12.Bc3 e5 13.Ng5 Bf5 14.Qc4 Nd5 15.f4 Be7
16.Bd2 Bxg5 17.hxg5 exf4 18.O-O Qxg5 19.Nc3 Nxc3 20.Rae1+ Kd7 21.Qf7+ Kc8
22.bxc3 Qg6 23.Qc4 Kd7 24.Bxf4 Be6 25.Qa6 Rhb8 26.Rb1 Rxb1 27.Rxb1 Bd5 28.Qb7+ Ke6
29.Re1+ Kf6 30.Qe7+ Kf5 31.g3 Qf6 32.Qe2  1/2-1/2

[Event "Ostravsky Konik Open A"]
[Site "Ostrava CZE"]
[Date "2012.04.28"]
[Round "1"]
[White "Simacek,P"]
[Black "Weissmann,L"]
[Result "1-0"]
[WhiteElo "2447"]
[BlackElo "2123"]

1.e4 c5 2.Nf3 Nc6 3.Bb5 e6 4.O-O Nge7 5.Re1 a6 6.Bf1 d5 7.exd5 Nxd5 8.a4 Be7
9.Na3 O-O 10.Nc4 Bf6 11.c3 Qc7 12.d3 Bd7 13.a5 Nxc3 14.bxc3 Bxc3 15.Bd2 Bxa1
16.Qxa1 f6 17.Be3 Nb4 18.Rc1 Nd5 19.Nb6 Nxb6 20.axb6 Qd8 21.Qa5 Bb5 22.Bxc5 Rc8
23.Qa3 Re8 24.Nd2 Qd5 25.d4 Bxf1 26.Nxf1 Rc6 27.Ne3 Qe4 28.Nc4 Rd8 29.Nd6 Qf4
30.g3 Qd2 31.Nxb7 Rxd4 32.Na5 Ra4 33.Nxc6 Rxa3 34.Bxa3 Qd7 35.Na5 Qb5 36.b7 Kf7
37.Bd6  1-0

[Event "Ostravsky Konik A"]
[Site "Ostrava CZE"]
[Date "2012.04.29"]
[Round "2.9"]
[White "Dogodkina,J"]
[Black "Plischki,S"]
[Result "0-1"]
[WhiteElo "2161"]
[BlackElo "2333"]

1.e4 c5 2.Nf3 Nc6 3.Bb5 Nf6 4.e5 Nd5 5.O-O Nc7 6.a4 g6 7.Ng5 Bg7 8.f4 O-O
9.Ra3 d6 10.Bxc6 bxc6 11.f5 Bxf5 12.Rxf5 gxf5 13.Qf3 e6 14.exd6 Qxg5 15.dxc7 Rac8
16.Qf1 Kh8 17.Rf3 Rxc7 18.b3 Rg8 19.d3 Qd8 20.Nd2 Rd7 21.Nc4 Bf6 22.Bf4 Qf8
23.Qe2 Rd8 24.Ne5 Qe8 25.Rh3 Rg7 26.Bh6 Rg6 27.Nxg6+ fxg6 28.Be3 Qe7 29.Qf3 Qd6
30.Qf4 Qxf4 31.Bxf4 Kg8 32.Kf1 h5 33.Ke2 Kf7 34.Bc7 Rd7 35.Ba5 Rd5 36.Bd2 h4
37.Rf3 g5 38.h3 Rd8 39.Be3 Be7 40.Kd2 Rg8 41.Kc3 g4 42.hxg4 Rxg4 43.Rf2 Bf6+
44.Kd2 Bd4 45.Ke2 Kf6 46.Kd2 Rg3 47.Bxd4+ cxd4 48.c3 c5 49.cxd4 cxd4 50.b4 e5
51.b5 Ke6 52.Re2 Kd5 53.Rf2 Rg5 54.Ke1 e4 55.a5 e3 56.Rc2 f4 57.b6 axb6 58.axb6 h3
59.g3 fxg3 60.Rb2 h2  0-1

[Event "Capablanca Prestige A"]
[Site "Pretoria RSA"]
[Date "2012.04.29"]
[Round "5"]
[White "Gluckman,D"]
[Black "Mabusela,J"]
[Result "1/2-1/2"]
[WhiteElo "2254"]
[BlackElo "2298"]

1.e4 c5 2.Nf3 Nc6 3.Bb5 g6 4.O-O Bg7 5.Re1 e5 6.Bxc6 dxc6 7.d3 Qe7 8.b3 Nf6
9.Bb2 Nh5 10.Nbd2 O-O 11.Nc4 f6 12.a4 Rd8 13.Nh4 Nf4 14.g3 Ne6 15.Ne3 Qf7
16.Rf1 Ng5 17.Qe2 Qc7 18.Nhg2 Ne6 19.f4 Nd4 20.Qf2 Bh3 21.f5 Rf8 22.Rae1 Bh6
23.Bc1 Qd7 24.Kh1 Bxe3 25.Bxe3 gxf5 26.exf5 Qd5 27.Bxd4 Qxg2+ 28.Qxg2 Bxg2+
29.Kxg2 cxd4 30.g4 Kf7 31.Kf3 Rg8 32.Rg1 Rad8 33.h4 h6 34.g5 hxg5 35.hxg5 Rxg5
36.Rxg5 fxg5 37.Rxe5 Rh8 38.Kg4 Rh2 39.Kxg5 Rxc2 40.Re4 c5 41.Rh4 Rg2+ 42.Kf4 Rf2+
43.Ke5 Kg7 44.Rg4+ Kf7 45.Rh4 Kg7 46.f6+ Rxf6 47.Rh7+  1/2-1/2

[Event "Historical Melaka Op"]
[Site "Melaka MAS"]
[Date "2012.04.30"]
[Round "9"]
[White "Deepan,C"]
[Black "Czebe,A"]
[Result "1/2-1/2"]
[WhiteElo "2461"]
[BlackElo "2477"]

1.e4 c5 2.Nf3 Nc6 3.Bb5 e6 4.O-O Nge7 5.Re1 Nd4 6.Bf1 Nec6 7.c3 Nxf3+ 8.Qxf3 Be7
9.d3 O-O 10.Nd2 f5 11.e5 Qc7 12.Qe2 d6 13.exd6 Bxd6 14.g3 Bd7 15.Nc4 Rae8
16.a4 Na5 17.Nxd6 Qxd6 18.Bf4 Qb6 19.Qc2 Bc6 20.Be3 Qd8 21.f4 Qd5 22.Bg2 Qxg2+
23.Qxg2 Bxg2 24.Kxg2 b6 25.Bf2  1/2-1/2

[Event "Capablanca Prestige A"]
[Site "Pretoria RSA"]
[Date "2012.04.30"]
[Round "7"]
[White "Gluckman,D"]
[Black "Van der Nat,N"]
[Result "0-1"]
[WhiteElo "2254"]
[BlackElo "2337"]

1.e4 c5 2.Nf3 Nc6 3.Bb5 g6 4.O-O Bg7 5.c3 Nf6 6.Re1 O-O 7.d4 d5 8.exd5 Qxd5
9.dxc5 Qxc5 10.Bf1 Rd8 11.Qe2 Bf5 12.Na3 Nd5 13.Qc4 Qxc4 14.Nxc4 b5 15.Nce5 Nxe5
16.Nxe5 b4 17.c4 Bxe5 18.Rxe5 Nb6 19.Be3 Na4 20.b3 Nc3 21.Rxe7 a5 22.Ra7 Rxa7
23.Bxa7 Bb1 24.f3 Bxa2 25.Bb6 Ra8 26.c5 a4 27.Bc4 Rb8 28.Bc7 Rc8 29.Ba5 axb3
30.Bxb3 Bxb3 31.Bxb4 Nd5  0-1

[Event "TCh-CHN 2012"]
[Site "Beijing CHN"]
[Date "2012.05.01"]
[Round "4"]
[White "Lu Shanglei"]
[Black "Yu Yangyi"]
[Result "0-1"]
[WhiteElo "2514"]
[BlackElo "2615"]

1.e4 c5 2.Nf3 Nc6 3.Bb5 e6 4.Bxc6 bxc6 5.d3 d6 6.e5 Ne7 7.exd6 Ng6 8.h4 h5
9.Bg5 f6 10.Qe2 Bxd6 11.Qe4 Ne7 12.Nbd2 fxg5 13.hxg5 e5 14.g4 Bxg4 15.Qxg4 hxg4
16.Rxh8+ Ng8 17.Rxg8+ Bf8 18.Nh4 Qxg5 19.Rh8 g3 20.Nhf3 gxf2+ 21.Kxf2 Qf4
22.Re1 O-O-O 23.Re4 Qf6 24.Nc4 Be7 25.Rxd8+ Bxd8 26.Ne3 Qe6 27.c4 Qh3 28.Rxe5 g5
29.Rxc5 g4 30.Ne1 Bh4+ 31.Ke2 Bxe1 32.Rxc6+ Kd7 33.Rg6 Qf3+  0-1

[Event "RBTT Heroes Day Cup 2012"]
[Site "Bridgetown BAR"]
[Date "2012.05.01"]
[Round "9"]
[White "Denny,K"]
[Black "Del Castilho,M"]
[Result "1/2-1/2"]
[WhiteElo "2303"]
[BlackElo "2218"]

1.e4 c5 2.Nf3 Nc6 3.Bb5 d6 4.O-O Bd7 5.Re1 Nf6 6.h3 Ne5 7.Bxd7+ Qxd7 8.d3 e6
9.Nbd2 Be7 10.Nxe5 dxe5 11.Nc4 Qc7 12.a4 O-O 13.Bg5 Rae8 14.Bd2 b6 15.Qf3 Nd7
16.Qg3 f6 17.f4 Bd6 18.Rf1 exf4 19.Bxf4 Bxf4 20.Qxf4 Qxf4 21.Rxf4 Ne5 22.Nxe5 fxe5
23.Rxf8+ Rxf8 24.Ra3 a5 25.Rb3 Rb8 26.Kf2 Kf7 27.Ke3 Ke7 28.c3 Kd6 29.Rb5 Kc6
30.d4 cxd4+ 31.cxd4 exd4+ 32.Kxd4 Rd8+ 33.Ke5 Rd2 34.Kxe6 Rxg2 35.Kf7 Rg3
36.e5 Rxh3 37.e6 Rf3+ 38.Kxg7 Kd6 39.Rxb6+ Ke7 40.Kxh7 Re3 41.Rb5 Kxe6 42.Rxa5 Rb3
43.Rh5 Rxb2 44.a5 Kd7 45.Kg7 Kc7 46.Kf7 Kb7 47.Ke7 Ka6 48.Kd6 Rd2+ 49.Kc6 Rc2+
50.Kd6 Rd2+ 51.Kc6 Rc2+ 52.Rc5 Rxc5+ 53.Kxc5  1/2-1/2

[Event "Ostravsky Konik A"]
[Site "Ostrava CZE"]
[Date "2012.05.01"]
[Round "4.8"]
[White "Weichhold,P"]
[Black "Stukner,S"]
[Result "1-0"]
[WhiteElo "2326"]
[BlackElo "2136"]

1.e4 c5 2.Nf3 Nc6 3.Bb5 g6 4.Bxc6 dxc6 5.d3 Bg7 6.h3 b6 7.O-O Nh6 8.Nc3 e5
9.Bxh6 Bxh6 10.Nxe5 Bg7 11.Nf3 g5 12.Qd2 g4 13.hxg4 Bxg4 14.Qf4 h5 15.e5 Qc7
16.Ng5 O-O-O 17.Rfe1 f6 18.Nge4 fxe5 19.Qg5 Rdf8 20.a4 a5 21.Nd6+ Kb8 22.Nc4 Rf5
23.Qe3 Rhf8 24.Ne4 h4 25.Ra3 Ka7 26.Rb3 Rb8 27.Nxc5 Rf4 28.Ne4 c5 29.Ned6 Ka6
30.Qd2 Bh6 31.Rxb6+ Qxb6 32.Nxb6 Rxb6 33.Qc3 Rxd6 34.Qxc5 Rb6 35.b3 Bg7 36.Qd5 Rb7
37.c4 Rd4 38.Qc6+ Ka7 39.Qc5+ Kb8 40.Rxe5 Rd8 41.Rg5 Bd1 42.Qxa5 Rxd3 43.c5 Bxb3
44.c6 Bc3 45.Qa6 Rd1+ 46.Kh2 Rb4 47.Rc5 Kc7 48.Rxc3  1-0

[Event "ch-LAT 2012"]
[Site "Riga LAT"]
[Date "2012.05.01"]
[Round "4.1"]
[White "Neiksans,A"]
[Black "Sveshnikov,V"]
[Result "1/2-1/2"]
[WhiteElo "2524"]
[BlackElo "2426"]

1.e4 c5 2.Nf3 Nc6 3.Bb5 g6 4.O-O Bg7 5.Nc3 Nf6 6.d3 O-O 7.Bg5 h6 8.Be3 d6
9.h3 e5 10.Bxc6 bxc6 11.Qd2 Kh7 12.Nh2 Nh5 13.Ne2 g5 14.a3 a5 15.b4 axb4
16.axb4 Rxa1 17.Rxa1 cxb4 18.Qxb4 c5 19.Qa4 Be6 20.Nc3 Nf4 21.Qc6 Rg8 22.Nb5 Bd7
23.Qb7 Bxb5 24.Qxb5 Qb8 25.Qc4 Qb2 26.Re1 Qb4 27.Qxb4 cxb4 28.g3 Ne6 29.Rb1 Rc8
30.Rb2 Rc6 31.Nf1 Bf8 32.Nd2 Nc7 33.Nc4 d5 34.Nxe5 Re6 35.Nd7 Be7 36.e5 Kg6
37.Bd2 Rc6 38.Bxb4 Bxb4 39.Rxb4 Rxc2 40.g4 h5 41.Rb6+ Kg7 42.gxh5 Ne6 43.Nf6 Nf4
44.h6+ Kxh6 45.Nxd5+ Ne6 46.f4 Rc5 47.Rd6 gxf4 48.Nxf4 Rxe5 49.d4 Re4 50.Nxe6 fxe6
51.Kf2 Kg5 52.Kf3 Rf4+ 53.Kg3 Re4 54.Rd7 Re3+ 55.Kg2 Rd3 56.Rd6 Kf4 57.h4 Rd2+
58.Kf1 Kf5 59.Kg1 Kg4 60.Kf1 Kf3 61.Ke1 Re2+ 62.Kd1 Rh2 63.Rxe6 Rxh4 64.Rd6 Ke3
65.d5 Rd4+ 66.Kc2 Ke4 67.Kc3 Rxd5 68.Rxd5 Kxd5  1/2-1/2

[Event "Copenhagen Chess Challenge 2012"]
[Site "Ballerup DEN"]
[Date "2012.05.02"]
[Round "1"]
[White "Svane,Frederik"]
[Black "Minko,V"]
[Result "0-1"]
[WhiteElo "1682"]
[BlackElo "2188"]

1.e4 c5 2.Nf3 Nc6 3.Bb5 g6 4.Bxc6 dxc6 5.O-O Bg7 6.d3 Nf6 7.Be3 b6 8.Nc3 Nd7
9.Qd2 h6 10.Rad1 e5 11.Rfe1 Nf8 12.h3 Ne6 13.Ne2 Nd4 14.Nh2 Be6 15.b3 a5
16.c3 Nxe2+ 17.Qxe2 O-O 18.Nf3 a4 19.Qb2 axb3 20.axb3 f5 21.b4 f4 22.Bc1 g5
23.bxc5 bxc5 24.c4 g4 25.hxg4 Bxg4 26.Rd2 Bxf3 27.gxf3 Qd4 28.Qxd4 cxd4 29.Bb2 Rfb8
30.Kg2 Ra2 31.Ree2 Bf8 32.Kh3 Kf7 33.Kg4 Kg6 34.Rc2 h5+ 35.Kh3 Rb3 36.Kg2 Rxd3
37.Rcd2 Rxd2 38.Rxd2 Bb4  0-1

[Event "Ostravsky Konik A"]
[Site "Ostrava CZE"]
[Date "2012.05.02"]
[Round "5.25"]
[White "Aleksandrovskiy,Dmitriy"]
[Black "Maltsev,L"]
[Result "1/2-1/2"]
[WhiteElo "2056"]
[BlackElo "1907"]

1.e4 c5 2.Nf3 Nc6 3.Bb5 g6 4.Bxc6 dxc6 5.d3 Bg7 6.h3 Nf6 7.Nc3 O-O 8.Be3 b6
9.Qd2 Ba6 10.a4 Qc8 11.Bh6 Rd8 12.Bxg7 Kxg7 13.Qg5 Qc7 14.O-O-O h6 15.Qe3 c4
16.d4 b5 17.Ne5 b4 18.Ne2 c5 19.Ng4 Ng8 20.c3 Qa5 21.dxc5 Qxa4 22.cxb4 Rd3
23.Nc3 Qxb4 24.Rxd3 cxd3 25.Rd1  1/2-1/2

[Event "Copenhagen Chess Challenge 2012"]
[Site "Ballerup DEN"]
[Date "2012.05.03"]
[Round "2"]
[White "Jensen,Simon Stibolt"]
[Black "Andersen,Ki"]
[Result "0-1"]
[WhiteElo "1667"]
[BlackElo "2009"]

1.e4 c5 2.Nf3 Nc6 3.Bb5 Nd4 4.Nxd4 cxd4 5.O-O g6 6.c3 Bg7 7.cxd4 Bxd4 8.Nc3 a6
9.Qa4 Bg7 10.d3 e6 11.Bc4 Ne7 12.Be3 O-O 13.d4 d5 14.Bd3 dxe4 15.Bxe4 Nd5
16.Qb3 Nxe3 17.fxe3 Qg5 18.Na4 Bh6 19.Rfe1 Rb8 20.Nb6 Qe7 21.Rac1 Bd7 22.Rc7 Rfd8
23.Bxb7 Qd6 24.Rec1 Bxe3+ 25.Qxe3 Qxb6 26.Qf3 Qxd4+ 27.Kh1 Qxb2 28.Rd1 Be8
29.Rf1 Qg7 30.Bxa6 Rd4 31.Rfc1 Qe5 32.Qc3 Rbd8 33.Re1 Qd6 34.Be2 Rh4 35.h3 Rd4
36.Rf1 Rd2 37.Bg4 Rxa2 38.Rd1 Rd2 39.Rf1 e5 40.Qc4 Qd5 41.Be2 Qxc4 42.Bxc4 R2d7
43.Rc5 Re7 44.Re1 e4 45.Re3 h5 46.Rd5 Rdd7 47.Rxd7 Bxd7 48.Bd5 Bf5 49.Kh2 h4
50.g4 hxg3+ 51.Kxg3 g5 52.h4 gxh4+ 53.Kxh4 Re5 54.Bc4 Bg6 55.Kg4 Kg7 56.Bd3 Kf6
57.Bc2 Ke6 58.Bb3+ Kd6 59.Kf4 f5 60.Kg5 Be8 61.Kf4 Rc5 62.Bd1 Ke6 63.Bb3+ Kf6
64.Bd1 Bf7 65.Ba4 Bh5 66.Bd7 Bg4 67.Ba4 Rc1 68.Kg3 Ke5 69.Rb3 Kd4 70.Rb2 Rc3+
71.Kf2 f4 72.Rb4+ Rc4 73.Rxc4+ Kxc4 74.Bc2 e3+ 75.Ke1 f3 76.Kf1 Kc3 77.Be4 Kd2
78.Bxf3 Bxf3 79.Kg1  0-1

[Event "Copenhagen Chess Challenge 2012"]
[Site "Ballerup DEN"]
[Date "2012.05.03"]
[Round "2"]
[White "Ziska,H"]
[Black "Eriksson,C"]
[Result "1-0"]
[WhiteElo "2450"]
[BlackElo "2149"]

1.e4 c5 2.Nf3 Nc6 3.Bb5 Nf6 4.Bxc6 dxc6 5.d3 Bg4 6.h3 Bh5 7.Bg5 c4 8.g4 Bg6
9.Nc3 cxd3 10.cxd3 h5 11.Ne5 hxg4 12.Nxg6 fxg6 13.Bxf6 gxf6 14.Qxg4 Rh6 15.O-O-O Qc8
16.f4 Qxg4 17.hxg4 Kf7 18.Ne2 Bg7 19.Rxh6 Bxh6 20.Rh1 Kg7 21.Kc2 Re8 22.e5 fxe5
23.g5 Bxg5 24.fxg5 Rf8 25.Ng3  1-0

[Event "ch-LAT 2012"]
[Site "Riga LAT"]
[Date "2012.05.03"]
[Round "7"]
[White "Berzinsh,I"]
[Black "Stepovojs,Viktors"]
[Result "1-0"]
[WhiteElo "2219"]
[BlackElo "1707"]

1.e4 c5 2.Nf3 Nc6 3.Bb5 d6 4.O-O Bd7 5.c3 Nf6 6.Re1 g6 7.d4 cxd4 8.cxd4 Bg7
9.e5 dxe5 10.dxe5 Ng4 11.Nc3 O-O 12.Bg5 Re8 13.h3 Nh6 14.Qd2 Nf5 15.g4 h6
16.gxf5 hxg5 17.e6 Bc8 18.exf7+ Kxf7 19.Nxg5+  1-0

[Event "ch-SRB 2012"]
[Site "Vrnjacka Banja SRB"]
[Date "2012.05.03"]
[Round "11"]
[White "Markovic,Miros1"]
[Black "Bogosavljevic,B"]
[Result "1/2-1/2"]
[WhiteElo "2480"]
[BlackElo "2523"]

1.e4 c5 2.Nf3 Nc6 3.Bb5 d6 4.O-O Bd7 5.Re1 Nf6 6.c3 a6 7.Bxc6 Bxc6 8.d4 Bxe4
9.Bg5 Bd5 10.c4 Bxf3 11.Qxf3 cxd4 12.Bxf6 gxf6 13.Qxb7 Rb8 14.Qxa6 Rxb2 15.Na3 Bh6
16.Qc6+ Qd7 17.Qa8+ Qd8 18.Qe4 O-O 19.Nb5 e5 20.a4 Rb4 21.Ra3 Bg5 22.Rh3 h6
23.Rg3 Kh8 24.h4 Bf4 25.Rf3 Rxc4 26.g3 d5 27.Qf5 Rg8 28.Rxf4 exf4 29.Qxf4 Kh7
30.Nd6 Qc7 31.Qf5+ Kg7 32.Ne8+ Rxe8 33.Rxe8 d3 34.Qxd3 Qc6 35.Qe2 h5 36.Qe7 Rc1+
37.Kh2 Qc5 38.Qxc5 Rxc5 39.Ra8 d4 40.Rd8 Rc4 41.a5 Ra4 42.Rd5 d3 43.Kg2 d2  1/2-1/2

[Event "Norsk Sjakkfestival"]
[Site "Fagernes NOR"]
[Date "2012.05.05"]
[Round "9"]
[White "Stets,D"]
[Black "Gullaksen,E"]
[Result "0-1"]
[WhiteElo "2468"]
[BlackElo "2387"]

1.e4 c5 2.Nf3 Nc6 3.Bb5 g6 4.Bxc6 dxc6 5.d3 Bg7 6.h3 b6 7.Nc3 e5 8.Be3 f6
9.Qd2 Be6 10.a3 a5 11.O-O a4 12.Ne2 Ne7 13.Bh6 O-O 14.Rad1 Qd6 15.Nh2 f5
16.Bxg7 Kxg7 17.Qc3 Rae8 18.Nf3 Kf6 19.d4 cxd4 20.Nexd4 fxe4 21.Nxe6 Qxe6
22.Nxe5 Nd5 23.Ng4+ Ke7 24.Qd4 b5 25.Rfe1 Kd6 26.c4 bxc4 27.Qxc4 Qf5 28.Qb4+ Kc7
29.Qxa4 h5 30.Rc1 Re6 31.Qa7+ Kc8 32.Nh2 e3 33.fxe3 Qf2+ 34.Kh1 Nxe3 35.Qa6+ Kc7
36.Re2 Qf4 37.Qa7+ Kd6 38.Rce1 Rfe8 39.Nf1 R6e7 40.Qa5 Nd5 41.Rxe7 Rxe7 42.Qd8+ Kc5
43.Rd1 Re2 44.b4+ Kc4 45.Qd7 Kb3 46.Rd3+ Ka2 47.Kg1 Qf2+  0-1

[Event "ch-LAT 2012"]
[Site "Riga LAT"]
[Date "2012.05.05"]
[Round "9"]
[White "Lavendelis,E"]
[Black "Mustaps,M"]
[Result "1-0"]
[WhiteElo "2347"]
[BlackElo "2278"]

1.e4 c5 2.Nf3 Nc6 3.Bb5 e6 4.c3 Nge7 5.d4 cxd4 6.cxd4 d5 7.e5 Ng6 8.O-O Be7
9.Nc3 O-O 10.Bd3 Bd7 11.Be3 Rc8 12.Nd2 Bb4 13.f4 Bxc3 14.bxc3 Na5 15.Rc1 Ne7
16.Qh5 Nf5 17.Qh3 g6 18.Bf2 h5 19.Bxf5 exf5 20.Bh4 Qb6 21.Rb1 Qa6 22.Rf2 Rc6
23.Bf6 Rfc8 24.Rf3 Qe2 25.Rg3 Rxf6 26.exf6 Qxd2 27.Qxh5 Qe3+ 28.Kh1 Qe8 29.Qh4 Qe4
30.Rg1  1-0

[Event "Copenhagen Chess Challenge 2012"]
[Site "Ballerup DEN"]
[Date "2012.05.06"]
[Round "8"]
[White "Svane,Frederik"]
[Black "Bendixen,D"]
[Result "0-1"]
[WhiteElo "1682"]
[BlackElo "1837"]

1.e4 c5 2.Nf3 Nc6 3.Bb5 d6 4.Bxc6+ bxc6 5.O-O g6 6.d3 Bg7 7.Nc3 Nf6 8.h3 Nd7
9.Be3 Rb8 10.Rb1 O-O 11.Qd2 Re8 12.Nh2 c4 13.d4 c5 14.Kh1 Ba6 15.f4 e6 16.Nf3 Bb7
17.dxc5 Nxc5 18.Bxc5 dxc5 19.Qxd8 Rexd8 20.e5 Bxf3 21.Rxf3 Rd2 22.Ne4 Rxc2
23.Nxc5 Rbxb2 24.Rd1 Rd2 25.Rg1 Rxa2 26.Rc3 Rdc2 27.Rf3 Bf8 28.Ne4 Bb4 29.Nf6+ Kg7
30.Ne8+ Kh6 31.Rg3 Be7 32.h4 Ra3 33.Rxa3 Bxa3 34.g4 c3 35.Rg2 Rxg2 36.Kxg2 g5
37.fxg5+ Kg6 38.h5+ Kxg5 39.Kg3 c2 40.Nd6 Bxd6  0-1

[Event "TCh-HUN 2011-12"]
[Site "Komarom HUN"]
[Date "2012.05.06"]
[Round "10"]
[White "Estrada Nieto,J"]
[Black "Seres,L"]
[Result "1/2-1/2"]
[WhiteElo "2285"]
[BlackElo "2461"]

1.e4 c5 2.Nf3 Nc6 3.Bb5 g6 4.Bxc6 dxc6 5.h3 Bg7 6.d3 Nf6 7.Nc3 O-O 8.O-O b6
9.Be3 h6 10.Qd2 Kh7 11.a3 a5 12.a4 Ba6 13.Rfd1 Qc8 14.Qc1 Qe6 15.Ne2 Rad8
16.c4 Qc8 17.Qc2 Nd7 18.d4 cxd4 19.Bxd4 Bxd4 20.Rxd4 Nc5 21.Rad1 Rxd4 22.Nexd4 Qc7
23.e5 Bc8 24.b3 Rd8  1/2-1/2

[Event "TCh-HUN 2011-12"]
[Site "Mako HUN"]
[Date "2012.05.06"]
[Round "10"]
[White "Papp,T1"]
[Black "Domany,Z"]
[Result "1-0"]
[WhiteElo "2291"]
[BlackElo "2215"]

1.e4 c5 2.Nf3 Nc6 3.Bb5 e6 4.Bxc6 bxc6 5.d3 Ne7 6.Qe2 Ng6 7.Ng5 f6 8.Nh3 Be7
9.O-O O-O 10.f4 d5 11.Kh1 Qc7 12.c4 Bd7 13.Nc3 d4 14.Na4 Qa5 15.b3 Qb4 16.Bb2 a5
17.Qc2 Bd6 18.Rae1 Rf7 19.Qc1 Qb8 20.Ba3 Qa7 21.Qd1 e5 22.f5 Ne7 23.g4 h6
24.Ng1 Kf8 25.Nf3 Ke8 26.Kg2 Kd8 27.Kf2 Kc7 28.Ke2 g5 29.h4 Rh8 30.hxg5 fxg5
31.Rh1 Rfh7 32.Rh2 Ng8 33.Reh1 Nf6 34.Qg1 Re8 35.Rxh6 Rxh6 36.Rxh6 Rf8 37.Nxg5  1-0

[Event "Asian Continental 2012"]
[Site "Ho Chi Minh City VIE"]
[Date "2012.05.08"]
[Round "4.19"]
[White "Lu Shanglei"]
[Black "Tran Quoc Dung"]
[Result "1-0"]
[WhiteElo "2522"]
[BlackElo "2303"]

1.e4 c5 2.Nf3 Nc6 3.Bb5 Qc7 4.O-O a6 5.Bxc6 Qxc6 6.d4 cxd4 7.Nxd4 Qc7 8.Nc3 e6
9.Re1 Bd6 10.g3 Qb8 11.e5 Bc7 12.Nd5 Bd8 13.Qg4 g6 14.Nc3 f5 15.Qh3 h5 16.a4 b6
17.g4 Bb7 18.gxf5 gxf5 19.Nxf5 exf5 20.e6 Nf6 21.Qxf5 Rg8+ 22.Bg5 Qd6 23.Rad1 Qc5
24.Re5 d5 25.Ne4 Qe7 26.Kf1 dxe4 27.Bxf6 Qxf6 28.Rxd8+  1-0